Sports Quiz

Random Sports or NFL Quiz
Score 0/23 Timer 07:00
0 Plays Today
% Player % Correct
44.85%Steve Smith Sr. (1,563 of 3,485)
92.6%
43.28%Steve Smith Sr. (1,421 of 3,288)
92.5%
44.03%Jimmy Smith (1,636 of 3,716)
91.6%
41.86%Rod Smith (1,343 of 3,208)
91.5%
40.66%Julio Jones (1,871 of 4,602)
91.5%
40.35%Calvin Johnson (1,331 of 3,299)
91%
40.65%Michael Thomas (1,725 of 4,244)
86.4%
41.00%Marvin Harrison (1,722 of 4,200)
82.3%
42.85%Michael Irvin (1,603 of 3,741)
82.1%
41.58%Michael Irvin (1,523 of 3,663)
82.1%
43.30%Isaac Bruce (1,781 of 4,113)
77.5%
42.56%Isaac Bruce (1,338 of 3,144)
77.5%
% Player % Correct
45.73%Brandon Marshall (1,508 of 3,298)
72.2%
40.17%Roddy White (1,382 of 3,440)
65.2%
42.18%Anquan Boldin (1,377 of 3,265)
60.1%
44.32%Santana Moss (1,483 of 3,346)
59.9%
41.77%Sterling Sharpe (1,461 of 3,498)
50.2%
42.35%Lee Evans (1,292 of 3,051)
45.8%
40.15%Art Monk (1,372 of 3,417)
41.5%
43.75%David Boston (1,598 of 3,653)
34.5%
40.59%Joey Galloway (1,287 of 3,171)
19.1%
40.07%Rob Moore (1,584 of 3,953)
15.6%
43.48%Yancey Thigpen (1,398 of 3,215)
10.1%
Remove Ads.
Support Sporcle.
Get the best of Sporcle when you Go Orange. This ad-free experience offers more features, more stats, and more fun while also helping to support Sporcle. Thank you for becoming a member.

You're not logged in!

Compare scores with friends on all Sporcle quizzes.
OR
Log In

Show Comments

Extras

Top Quizzes Today


Score Distribution

Your Account Isn't Verified!

In order to create a playlist on Sporcle, you need to verify the email address you used during registration. Go to your Sporcle Settings to finish the process.

Report this User

Report this user for behavior that violates our Community Guidelines.

Details: